000 01139cad a22002535a 4500
001 L129706
008 050513e20041130xxk f 001 0 eng u
020 _a0415274478
022 _a9780415274470
_a9780203642566
035 _a(Sirsi) u129706
041 0 _aeng
050 0 4 _a711.1 $2 18
100 1 _aGallent, Nick
245 0 0 _aDecent homes for all
_bplanning's evolving role in housing provision
260 _aLondon
_bRoutledge
_c2005
300 _axii, 300p.
_c24cm
350 _a26.99
505 _aThe co-evolution of housing and planning -- The (re)birth of private housing provision -- The shifting policy landscape -- Planning intervention: housing design, density and affordability -- Responding to strategic and local housing pressures -- The new market agenda in housing supply -- Delivering housing in sustainable communities -- Reframing planning: spatial strategies and community development
521 2 _aAbstract
651 4 _aUnited Kingdom
_y
690 _aENVIRONMENTAL AND LAND CONSULTANCY-PLANNING AND DEVELOPMENT-DEVELOPMENT CONTROL-PLANNING APPLICATIONS
700 1 _aTewdwr-Jones, Mark
942 _n0
999 _c104266
_d104266